000 00535nam a22001817a 4500
005 20260115144141.0
010 _aENG-147423
020 _a9789355468420
_c95.00
035 _aEN-130955
037 _bDBAD
082 _a304.23
100 _aBennett, Arnold
_986422
245 _aHow to Live on 24 Hours a Day/
_cArnold Bennett
260 _aDelhi
_bPharos Books
_c2025
270 _aPlot No.-55, Main Mother Dairy Road, Pandav Nagar,
_bDelhi
_e110092
300 _a48p.
_c21cm(pb)
942 _2ddc
_cEN
_h304.23
_mBEN
999 _c214161
_d214161